| 000 | 00423nmm a2200157Ia 4500 | ||
|---|---|---|---|
| 008 | 251105s9999||||xx |||||||||||||||||und|| | ||
| 041 | _aspa | ||
| 100 | _aHegel, G. W. F. | ||
| 245 | 0 | _aFilosofía del derecho | |
| 264 |
_a[Madrid, España] : _bAkal, _c2022 |
||
| 300 | _a294 páginas | ||
| 490 | _aAkadémica | ||
| 650 | _aPhilosophy, Ethics | ||
| 856 | _uhttps://public.digitaliapublishing.com/a/113660 | ||
| 942 | _cCF | ||
| 999 |
_c98338 _d98338 |
||